[Event "Campeonato del Mundo sub-20 2010"]
[Site "Chotowa POL"]
[Date "2010.08.06"]
[Round "4.19"]
[White "Kanarek, Marcel"]
[Black "Can, Emre"]
[Result "1/2-1/2"]
[WhiteElo "2387"]
[BlackElo "2477"]
[PlyCount "236"]
[EventDate "2010.08.03"]
[EventType "swiss"]
[EventRounds "13"]
[EventCountry "POL"]
[Source "lmi"]
[SourceDate "2010.08.03"]

1. e4 c5 2. Nf3 d6 3. d4 cxd4 4. Nxd4 Nf6 5. Nc3 g6 6. Be3 Bg7 7. f3 O-O 8. Qd2
Nc6 9. Bc4 Bd7 10. O-O-O Rb8 11. Bb3 Na5 12. h4 b5 13. Kb1 Nc4 14. Bxc4 bxc4
15. Ka1 h5 16. g4 hxg4 17. h5 Nxh5 18. fxg4 Bxg4 19. Rdg1 Qd7 20. Rh4 f5 21.
exf5 Bxf5 22. Bh6 e5 23. Nxf5 Qxf5 24. a3 Rbd8 25. Rxc4 Nf4 26. Nd5 Rf7 27.
Bxf4 exf4 28. Rxf4 Qe5 29. c3 Rdf8 30. Rxf7 Rxf7 31. Re1 Qg3 32. Qe2 Be5 33.
Qe4 Kg7 34. Re3 Rf1+ 35. Ka2 Qg1 36. Nb4 a5 37. Nc2 Qh1 38. Qc4 g5 39. Qc7+ Kg6
40. Qxa5 g4 41. Qb5 g3 42. Qe8+ Kh7 43. Qd7+ Kh6 44. Qg4 Qh5 45. Rxg3 Bxg3 46.
Qxg3 Qd5+ 47. b3 Qd1 48. Qh2+ Kg7 49. Qg2+ Kf7 50. a4 Qb1+ 51. Ka3 Rc1 52. Qf3+
Ke8 53. Qc6+ Kf7 54. Qc7+ Kg8 55. Qc4+ Kh8 56. Nd4 Qe4 57. Qc8+ Kh7 58. Qd7+
Kg8 59. Qd8+ Kh7 60. Qd7+ Kg8 61. Qc8+ Kf7 62. Qc7+ Kg8 63. a5 Qd5 64. Qd8+ Kf7
65. Qd7+ Kg8 66. Qe8+ Kh7 67. Qe7+ Kg8 68. Qe8+ Kh7 69. Qd7+ Kg8 70. Qe8+ Kh7
71. Qb5 Qe5 72. Kb4 Ra1 73. a6 Kg6 74. Qd3+ Kf6 75. Qf3+ Kg6 76. Qg4+ Kf6 77.
Qf3+ Kg6 78. Qd3+ Kf6 79. Qb5 Kg6 80. Qb6 Ra2 81. Qb5 Ra1 82. Qxe5 dxe5 83. Nc6
Rxa6 84. Nxe5+ Kf5 85. Nd7 Ra1 86. Kc5 Ke6 87. Nb6 Ra3 88. Kb4 Ra1 89. c4 Kd6
90. Kb5 Kc7 91. b4 Rc1 92. Nd5+ Kb7 93. Kc5 Rh1 94. b5 Rh2 95. Kd6 Rh6+ 96. Ke5
Rh5+ 97. Kd4 Rh4+ 98. Kc3 Rh3+ 99. Kb4 Rh4 100. Kb3 Rh3+ 101. Ka4 Rh4 102. Kb4
Rg4 103. Kc5 Rh4 104. Nf6 Rh6 105. Ne4 Rh5+ 106. Kb4 Rh4 107. Nc3 Kb6 108. Nd5+
Kb7 109. Kb3 Rh3+ 110. Ka4 Rh4 111. Kb4 Rg4 112. Kc3 Rg3+ 113. Kd4 Rg4+ 114.
Kd3 Rg5 115. Nf6 Rf5 116. Ne4 Kb6 117. Nd2 Rxb5 118. cxb5 Kxb5 1/2-1/2

[Event "Campeonato del Mundo sub-20 2010"]
[Site "Chotowa POL"]
[Date "2010.08.06"]
[Round "4.20"]
[White "Huschenbeth, Niclas"]
[Black "Arenas Vanegas, David"]
[Result "1-0"]
[WhiteElo "2459"]
[BlackElo "2364"]
[PlyCount "113"]
[EventDate "2010.08.03"]
[EventType "swiss"]
[EventRounds "13"]
[EventCountry "POL"]
[Source "lmi"]
[SourceDate "2010.08.03"]

1. e4 c5 2. Nf3 d6 3. d4 Nf6 4. Bb5+ Nbd7 5. Nc3 cxd4 6. Qxd4 e5 7. Qd3 h6 8.
Be3 a6 9. Bc4 Be7 10. a4 Qc7 11. Nd5 Nxd5 12. Bxd5 Nf6 13. a5 Nxd5 14. exd5 Bd7
15. Nd2 O-O 16. O-O f5 17. f3 Be8 18. c4 Kh7 19. b4 Bg6 20. f4 Bf6 21. Rac1 Qd7
22. c5 dxc5 23. Bxc5 e4 24. Qc2 Qxd5 25. Bxf8 Rxf8 26. Nb3 Bf7 27. Nc5 Bh5 28.
Rfe1 Rd8 29. Kh1 Bd4 30. h3 Rd6 31. Kh2 Rg6 32. g4 Qd6 33. Rxe4 fxe4 34. Qxe4
Be5 35. Nd3 Qd4 36. Rc4 Qxe4 37. Rxe4 Bc3 38. gxh5 Rd6 39. Nc5 Rd2+ 40. Kg3 Rd6
41. Kh2 Rd2+ 42. Kg3 Rb2 43. Na4 Rb3 44. Nxc3 Rxc3+ 45. Kg4 Rb3 46. h4 Rb1 47.
Rc4 Rg1+ 48. Kf3 Rf1+ 49. Ke4 Rh1 50. Rc7 Rxh4 51. Rxb7 Rxh5 52. Rb6 g5 53. f5
Rh4+ 54. Ke5 g4 55. Rb7+ Kh8 56. Kf4 h5 57. b5 1-0

[Event "Campeonato del Mundo sub-20 2010"]
[Site "Chotowa POL"]
[Date "2010.08.06"]
[Round "4.21"]
[White "Arnold, Marc Tyler"]
[Black "Dimitrov, Radoslav"]
[Result "0-1"]
[WhiteElo "2432"]
[BlackElo "2380"]
[PlyCount "136"]
[EventDate "2010.08.03"]
[EventType "swiss"]
[EventRounds "13"]
[EventCountry "POL"]
[Source "lmi"]
[SourceDate "2010.08.03"]

1. d4 Nf6 2. c4 e6 3. Nf3 b6 4. e3 Bb7 5. Bd3 Bb4+ 6. Nbd2 O-O 7. O-O d5 8. a3
Be7 9. b4 dxc4 10. Bxc4 Nbd7 11. Bb2 c5 12. dxc5 bxc5 13. b5 Nb6 14. Be2 a6 15.
a4 axb5 16. Bxb5 Nfd5 17. Ne5 Nc7 18. Nc6 Qe8 19. Qg4 g6 20. Qe4 Nxb5 21. axb5
Bd6 22. Qd3 Bxc6 23. Qxd6 Rd8 24. Qxc6 Rxd2 25. Ba3 Qxc6 26. bxc6 Rc8 27. Bxc5
Rxc6 28. Bd4 Rdc2 29. h4 Nd7 30. Ra8+ Rc8 31. Ra7 R2c7 32. Rxc7 Rxc7 33. f4 f6
34. Rd1 Kf7 35. Rd2 e5 36. Bb2 Ke6 37. Kf2 Nc5 38. Kf3 Nb3 39. Rd8 Rc2 40. Ba3
Nd2+ 41. Kg3 Rc3 42. Rd6+ Kf5 43. Rxd2 Rxe3+ 44. Kf2 Rxa3 45. fxe5 fxe5 46. Rd7
Ra2+ 47. Kg3 h5 48. Rf7+ Ke6 49. Rf8 Ra3+ 50. Kf2 Ra7 51. Re8+ Re7 52. Rg8 Rf7+
53. Ke3 Kf5 54. Kf3 e4+ 55. Kg3 Rf6 56. Ra8 Re6 57. Rf8+ Ke5 58. Rd8 Rd6 59.
Re8+ Kd4 60. Kf4 Rf6+ 61. Kg3 e3 62. Rd8+ Kc3 63. Rc8+ Kd2 64. Rd8+ Ke1 65. Ra8
Rd6 66. Kf3 e2 67. Ra1+ Rd1 68. Ra3 Kf1 0-1

[Event "Campeonato del Mundo sub-20 2010"]
[Site "Chotowa POL"]
[Date "2010.08.06"]
[Round "4.22"]
[White "Kanmazalp, Ogulcan"]
[Black "Swapnil, Sunil Dhopade"]
[Result "1/2-1/2"]
[WhiteElo "2381"]
[BlackElo "2426"]
[PlyCount "91"]
[EventDate "2010.08.03"]
[EventType "swiss"]
[EventRounds "13"]
[EventCountry "POL"]
[Source "lmi"]
[SourceDate "2010.08.03"]

1. e4 c6 2. d4 d5 3. Nd2 dxe4 4. Nxe4 Bf5 5. Ng3 Bg6 6. h4 h6 7. Nf3 Nf6 8. Ne5
Bh7 9. Bd3 Bxd3 10. Qxd3 e6 11. Bd2 Nbd7 12. f4 Bd6 13. O-O-O Qc7 14. Ne4 Nxe4
15. Qxe4 Nf6 16. Qe2 O-O-O 17. g4 c5 18. dxc5 Bxc5 19. Kb1 Kb8 20. Rhf1 Ka8 21.
g5 Nd5 22. g6 fxg6 23. Nxg6 Rhe8 24. c4 Nf6 25. Bc3 Rxd1+ 26. Rxd1 Rd8 27.
Rxd8+ Qxd8 28. a3 Qe8 29. Ne5 Nh5 30. Qf3 Bd6 31. Ka2 a6 32. Qg4 Bc7 33. b4 Bd6
34. Kb3 Bf8 35. Ng6 Nf6 36. Bxf6 gxf6 37. Nxf8 Qxf8 38. Qxe6 Qd8 39. Qd5 Qe7
40. f5 Kb8 41. Qd4 h5 42. c5 Qe2 43. Qd5 Qe3+ 44. Ka4 Qe8+ 45. Kb3 Qe3+ 46. Kc4
1/2-1/2

[Event "Campeonato del Mundo sub-20 2010"]
[Site "Chotowa POL"]
[Date "2010.08.06"]
[Round "4.23"]
[White "Zhou, Yang-Fan"]
[Black "Volodin, Aleksandr"]
[Result "0-1"]
[WhiteElo "2348"]
[BlackElo "2422"]
[PlyCount "126"]
[EventDate "2010.08.03"]
[EventType "swiss"]
[EventRounds "13"]
[EventCountry "POL"]
[Source "lmi"]
[SourceDate "2010.08.03"]

1. e4 c5 2. Nf3 e6 3. Nc3 Nc6 4. d4 cxd4 5. Nxd4 Qc7 6. Be3 Nf6 7. f4 Bb4 8.
Ndb5 Qa5 9. e5 Nd5 10. Bd2 Nxc3 11. bxc3 Bc5 12. c4 Qd8 13. Bd3 O-O 14. Qh5 g6
15. Qh6 a6 16. Nd6 Bxd6 17. exd6 Qf6 18. O-O b5 19. Kh1 bxc4 20. Bxc4 Rb8 21.
Rae1 Bb7 22. f5 Qg7 23. Qh3 gxf5 24. Bh6 Qf6 25. Bxf8 Rxf8 26. Rb1 Ba8 27. Bxa6
Qd4 28. Bb7 Qxd6 29. Qg3+ Qxg3 30. hxg3 Ne5 31. a4 Nc4 32. Rb4 Ne3 33. Rc1 Rb8
34. Rb3 Rxb7 35. Rxe3 Ra7 36. Ra3 Ra5 37. Kg1 Bc6 38. Rca1 Kg7 39. Kf2 Kf6 40.
c3 Kg6 41. R3a2 h5 42. Ra3 Kg5 43. R1a2 e5 44. c4 Kg4 45. Ke1 f6 46. Kf1 h4 47.
gxh4 Kxh4 48. Rh3+ Kg4 49. Rh8 f4 50. Rc8 Kf5 51. Rf8 Ke6 52. Rc8 e4 53. Ke2
Ke5 54. Re8+ Kd4 55. Rf8 f5 56. c5 Rxc5 57. a5 Bb5+ 58. Kf2 Rc1 59. Rd2+ Kc3
60. Re2 Bxe2 61. Kxe2 Rc2+ 62. Kf1 Kd3 63. g3 Rc1+ 0-1

[Event "Campeonato del Mundo sub-20 2010"]
[Site "Chotowa POL"]
[Date "2010.08.06"]
[Round "4.24"]
[White "Firat, Burak"]
[Black "Wieczorek, Oskar"]
[Result "1-0"]
[WhiteElo "2420"]
[BlackElo "2316"]
[PlyCount "81"]
[EventDate "2010.08.03"]
[EventType "swiss"]
[EventRounds "13"]
[EventCountry "POL"]
[Source "lmi"]
[SourceDate "2010.08.03"]

1. e4 c5 2. Nf3 d6 3. d4 cxd4 4. Nxd4 Nf6 5. Nc3 e6 6. Be3 Nc6 7. Bc4 Be7 8.
Qe2 a6 9. O-O-O Qc7 10. Bb3 Na5 11. g4 b5 12. g5 Nxb3+ 13. axb3 Nd7 14. h4 b4
15. Na4 Nc5 16. h5 Bd7 17. Kb1 Nxa4 18. bxa4 Bxa4 19. g6 Bf6 20. gxf7+ Kxf7 21.
h6 g6 22. b3 Bb5 23. Qf3 Ke7 24. Qg4 Bd7 25. Bg5 Rhf8 26. e5 dxe5 27. Nf3 Qc5
28. Bxf6+ Rxf6 29. Qg5 Rc8 30. Rd2 Bc6 31. Rh4 Bxf3 32. Rc4 Bd5 33. Rxc5 Rxc5
34. Qxe5 Rf7 35. Qb8 Rb5 36. Qc7+ Kf6 37. Qd8+ Kf5 38. f4 Kxf4 39. Qh4+ Ke5 40.
Qg3+ Ke4 41. Re2+ 1-0

[Event "Campeonato del Mundo sub-20 2010"]
[Site "Chotowa POL"]
[Date "2010.08.06"]
[Round "4.27"]
[White "Krzyzanowski, Marcin"]
[Black "Spoelman, Wouter"]
[Result "1-0"]
[WhiteElo "2377"]
[BlackElo "2580"]
[PlyCount "115"]
[EventDate "2010.08.03"]
[EventType "swiss"]
[EventRounds "13"]
[EventCountry "POL"]
[Source "lmi"]
[SourceDate "2010.08.03"]

1. e4 c5 2. Nf3 Nc6 3. d4 cxd4 4. Nxd4 Nf6 5. Nc3 d6 6. Bg5 e6 7. Qd2 a6 8.
O-O-O Bd7 9. f3 Be7 10. h4 h6 11. Be3 h5 12. Kb1 Ne5 13. Bg5 b5 14. Bd3 Qb6 15.
Nce2 Rc8 16. Rhf1 a5 17. Be3 Qa6 18. f4 Nxd3 19. Qxd3 Qb7 20. e5 dxe5 21. fxe5
Ng4 22. Bf4 b4 23. Ng3 Rc5 24. Qe2 Bb5 25. Nxb5 Qxb5 26. Qf3 Qc4 27. Ne4 Qxc2+
28. Ka1 Rc4 29. Nd6+ Bxd6 30. exd6 Qe4 31. d7+ Kd8 32. Qg3 e5 33. Bxe5 Qxe5 34.
Qf3 Re4 35. Qxf7 Rd4 36. Rxd4 Qxd4 37. Rc1 Qxd7 38. Qf3 Qa7 39. Qd5+ Ke7 40.
Re1+ Ne3 41. Qg5+ Kf7 42. Rxe3 Rf8 43. Qxh5+ Kg8 44. Qd5+ Kh8 45. Re1 Qf2 46.
Rd1 a4 47. Qe4 Qc5 48. Kb1 Rc8 49. Qd3 Qf2 50. g4 a3 51. Qd2 Qf3 52. g5 Qe4+
53. Qd3 Qxh4 54. g6 axb2 55. Kxb2 Re8 56. Kb1 Qh5 57. Rf1 Qh2 58. Qe4 1-0

[Event "Campeonato del Mundo sub-20 2010"]
[Site "Chotowa POL"]
[Date "2010.08.06"]
[Round "4.28"]
[White "Lomsadze, Davit"]
[Black "Ter-Sahakyan, Samvel"]
[Result "0-1"]
[WhiteElo "2364"]
[BlackElo "2525"]
[PlyCount "70"]
[EventDate "2010.08.03"]
[EventType "swiss"]
[EventRounds "13"]
[EventCountry "POL"]
[Source "lmi"]
[SourceDate "2010.08.03"]

1. g3 d5 2. Bg2 Nf6 3. d3 e5 4. Nf3 Bd6 5. O-O O-O 6. Bg5 Nbd7 7. Nfd2 h6 8.
Bxf6 Nxf6 9. c4 d4 10. a3 a5 11. Qc1 c6 12. b3 Bg4 13. Nf3 Qd7 14. Nbd2 Rfe8
15. Ne4 Nxe4 16. dxe4 Qe7 17. h3 Be6 18. Kh2 b5 19. c5 Bxc5 20. Nxe5 Rac8 21.
Nd3 Bb6 22. b4 Bc4 23. Qd2 a4 24. f4 c5 25. e5 f6 26. Rae1 cxb4 27. axb4 Bc7
28. e3 dxe3 29. Rxe3 Bb6 30. Ref3 Red8 31. Re1 a3 32. f5 a2 33. Ra1 Qxe5 34.
Nxe5 Rxd2 35. Nxc4 Rxc4 0-1

[Event "Campeonato del Mundo sub-20 2010"]
[Site "Chotowa POL"]
[Date "2010.08.06"]
[Round "4.30"]
[White "Kriebel, Tadeas"]
[Black "Durarbeyli, Vasif"]
[Result "1/2-1/2"]
[WhiteElo "2320"]
[BlackElo "2501"]
[PlyCount "140"]
[EventDate "2010.08.03"]
[EventType "swiss"]
[EventRounds "13"]
[EventCountry "POL"]
[Source "lmi"]
[SourceDate "2010.08.03"]

1. e4 c5 2. Nf3 a6 3. Nc3 b5 4. d4 b4 5. Na4 cxd4 6. Nxd4 Qa5 7. b3 Nf6 8. Bd3
g6 9. O-O Bg7 10. Bb2 e5 11. Nf3 Nc6 12. a3 O-O 13. axb4 Qc7 14. b5 axb5 15.
Nc3 Rxa1 16. Qxa1 Qb6 17. Nxb5 Ba6 18. Nd6 Bxd3 19. cxd3 Qxb3 20. Nxe5 Ne8 21.
Ndc4 Nxe5 22. Bxe5 Qxd3 23. Bxg7 Nxg7 24. Ne5 Qxe4 25. Nxd7 Qd3 26. Ne5 Qe4 27.
Nd7 Nh5 28. Nxf8 Nf4 29. f3 Qe3+ 30. Kh1 Qe2 31. Rg1 Kxf8 32. Qd1 Qe5 33. Re1
Qb8 34. Qd4 Kg8 35. Qe5 Qb4 36. Ra1 Ne6 37. Ra8+ Nf8 38. h3 h5 39. Rb8 Qa3 40.
Kh2 Kh7 41. Rb7 Kg8 42. Qd5 Ne6 43. Qd7 Qf8 44. Qd5 Qg7 45. Rb4 Qf6 46. Qe4 Kh7
47. f4 Kg7 48. Qe5 Nf8 49. Rb6 Ne6 50. Kg3 g5 51. Qxf6+ Kxf6 52. fxg5+ Kxg5 53.
Rb5+ Kg6 54. Kh4 Nf4 55. Rg5+ Kh6 56. Rf5 Nxg2+ 57. Kg3 Ne3 58. Re5 Nc4 59. Rc5
Nd2 60. Kf4 h4 61. Rc6+ Kg7 62. Rc1 Nb3 63. Rc4 Nd2 64. Rb4 Kg6 65. Kg4 Ne4 66.
Kxh4 Nc5 67. Kg4 Ne6 68. Rb5 Kf6 69. h4 Kg6 70. Rf5 Kg7 1/2-1/2

[Event "Campeonato del Mundo sub-20 2010"]
[Site "Chotowa POL"]
[Date "2010.08.06"]
[Round "4.32"]
[White "Soors, Stef"]
[Black "Fodor, Tamas Jr"]
[Result "1-0"]
[WhiteElo "2259"]
[BlackElo "2452"]
[PlyCount "40"]
[EventDate "2010.08.03"]
[EventType "swiss"]
[EventRounds "13"]
[EventCountry "POL"]
[Source "lmi"]
[SourceDate "2010.08.03"]

1. e4 e5 2. Nf3 Nc6 3. Nc3 Nf6 4. Bb5 d6 5. d4 exd4 6. Nxd4 Bd7 7. O-O Be7 8.
Re1 O-O 9. Bg5 a6 10. Nxc6 bxc6 11. Bc4 Ng4 12. Bxe7 Qxe7 13. Qd2 Kh8 14. Be2
Nh6 15. Bd3 a5 16. a4 Qe5 17. g3 Rfe8 18. Kh1 Re6 19. Bf1 Rae8 20. Bg2 Rf6 1-0

[Event "Campeonato del Mundo sub-20 2010"]
[Site "Chotowa POL"]
[Date "2010.08.06"]
[Round "4.33"]
[White "Pagerka, Martin"]
[Black "Potapov, Pavel"]
[Result "1/2-1/2"]
[WhiteElo "2215"]
[BlackElo "2445"]
[PlyCount "117"]
[EventDate "2010.08.03"]
[EventType "swiss"]
[EventRounds "13"]
[EventCountry "POL"]
[Source "lmi"]
[SourceDate "2010.08.03"]

1. e4 c5 2. Nf3 Nc6 3. d4 cxd4 4. Nxd4 e5 5. Nb5 d6 6. N1c3 a6 7. Na3 Be7 8.
Nc4 b5 9. Ne3 Nf6 10. g3 O-O 11. Bg2 b4 12. Ncd5 Nxd5 13. Nxd5 Bg5 14. Bxg5
Qxg5 15. a3 bxa3 16. Rxa3 Rb8 17. b3 a5 18. O-O Be6 19. c3 Rfc8 20. Qd3 Qd8 21.
Rfa1 g6 22. Bf1 Kg7 23. Qd2 Bxd5 24. Qxd5 Ne7 25. Qd2 Rc5 26. Bc4 Nc8 27. Rd1
Qc7 28. h4 Nb6 29. Bf1 d5 30. h5 dxe4 31. h6+ Kf8 32. c4 a4 33. b4 Nxc4 34. Qg5
Nxa3 35. bxc5 Qe7 36. Qe3 Nc2 37. Qxe4 Nd4 38. c6 f5 39. Qd5 Rd8 40. Qc4 a3 41.
c7 Rc8 42. Qd5 Qxc7 43. Rxd4 exd4 44. Qxd4 Qc3 45. Qd7 a2 46. Qd6+ Kg8 47. Qe6+
Kh8 48. Qxa2 Qf6 49. f4 Rf8 50. Qd2 Rd8 51. Qc1 Rg8 52. Bc4 Qd4+ 53. Kh2 Rc8
54. Qe1 g5 55. Qe6 Rf8 56. fxg5 f4 57. Kh3 fxg3 58. Qe7 Rd8 59. Bd5 1/2-1/2

[Event "Campeonato del Mundo sub-20 2010"]
[Site "Chotowa POL"]
[Date "2010.08.06"]
[Round "4.34"]
[White "Lewtak, Damian"]
[Black "Rasulov, Vugar Ural"]
[Result "0-1"]
[WhiteElo "2008"]
[BlackElo "2442"]
[PlyCount "58"]
[EventDate "2010.08.03"]
[EventType "swiss"]
[EventRounds "13"]
[EventCountry "POL"]
[Source "lmi"]
[SourceDate "2010.08.03"]

1. e4 c5 2. Nf3 d6 3. d4 cxd4 4. Qxd4 Nc6 5. Bb5 Bd7 6. Bxc6 Bxc6 7. c4 Nf6 8.
Nc3 g6 9. Nd5 Bg7 10. Bg5 O-O 11. Qd3 Nxd5 12. cxd5 Qa5+ 13. Qd2 Qxd2+ 14. Kxd2
Bb5 15. Rac1 f5 16. Rhe1 fxe4 17. Rxe4 Rf5 18. Rxe7 Rxd5+ 19. Kc2 Bd3+ 20. Kb3
Rb5+ 21. Ka4 a5 22. Bd2 Bxb2 23. Rcc7 Rb6 24. Ne1 Ba6 25. Bxa5 Rb5 26. Nc2 Bf6
27. Red7 Rb1 28. Nb4 b5+ 29. Ka3 Bb7 0-1

[Event "Campeonato del Mundo sub-20 2010"]
[Site "Chotowa POL"]
[Date "2010.08.06"]
[Round "4.35"]
[White "Leniart, Arkadiusz"]
[Black "Botta, Gabriele"]
[Result "1-0"]
[WhiteElo "2423"]
[BlackElo "2302"]
[PlyCount "65"]
[EventDate "2010.08.03"]
[EventType "swiss"]
[EventRounds "13"]
[EventCountry "POL"]
[Source "lmi"]
[SourceDate "2010.08.03"]

1. e4 c5 2. Nf3 Nc6 3. d4 cxd4 4. Nxd4 Nf6 5. Nc3 e5 6. Ndb5 d6 7. Bg5 a6 8.
Na3 b5 9. Bxf6 gxf6 10. Nd5 Bg7 11. c3 f5 12. Bd3 Be6 13. Nxb5 axb5 14. Bxb5
Bd7 15. exf5 O-O 16. O-O Rb8 17. a4 Kh8 18. Qf3 f6 19. b4 Ne7 20. Nxe7 Qxe7 21.
Bxd7 Qxd7 22. Rfd1 Rfd8 23. Qd5 Qa7 24. Rdb1 Rdc8 25. c4 Qa6 26. a5 Rxc4 27. b5
Qc8 28. a6 Rc5 29. Qxc5 dxc5 30. b6 Bf8 31. b7 Qc6 32. a7 Rxb7 33. Rxb7 1-0

[Event "Campeonato del Mundo sub-20 2010"]
[Site "Chotowa POL"]
[Date "2010.08.06"]
[Round "4.36"]
[White "Diamant, Andre"]
[Black "Gator, Mosab"]
[Result "1-0"]
[WhiteElo "2518"]
[BlackElo "2121"]
[PlyCount "59"]
[EventDate "2010.08.03"]
[EventType "swiss"]
[EventRounds "13"]
[EventCountry "POL"]
[Source "lmi"]
[SourceDate "2010.08.03"]

1. e4 Nf6 2. e5 Nd5 3. d4 d6 4. Nf3 g6 5. Be2 Bg7 6. O-O O-O 7. h3 Nc6 8. c4
Nb6 9. exd6 cxd6 10. Nc3 Bf5 11. Be3 e5 12. d5 Nb4 13. Rc1 Na6 14. a3 Bd7 15.
b4 f5 16. c5 f4 17. Bxa6 bxa6 18. Bd2 Nc8 19. Re1 Bf5 20. Qb3 Rb8 21. Qc4 Kh8
22. Ne4 a5 23. c6 Qc7 24. bxa5 h6 25. Bb4 g5 26. Nc3 Ne7 27. Nb5 Rxb5 28. Qxb5
Rb8 29. Qa6 Nc8 30. Qc4 1-0

[Event "Campeonato del Mundo sub-20 2010"]
[Site "Chotowa POL"]
[Date "2010.08.06"]
[Round "4.37"]
[White "Podolsky, Anton"]
[Black "Sethuraman, Sethuraman Panayapp"]
[Result "0-1"]
[WhiteElo "2190"]
[BlackElo "2513"]
[PlyCount "95"]
[EventDate "2010.08.03"]
[EventType "swiss"]
[EventRounds "13"]
[EventCountry "POL"]
[Source "lmi"]
[SourceDate "2010.08.03"]

1. e4 e5 2. Nf3 Nc6 3. Bb5 a6 4. Bxc6 dxc6 5. O-O Be7 6. Re1 Bf6 7. h3 c5 8. b4
c4 9. a4 Ne7 10. Qe2 Be6 11. Na3 b5 12. Bb2 Qb8 13. d4 Ng6 14. dxe5 Be7 15. Nd4
Bd7 16. Nf5 Bxb4 17. e6 fxe6 18. Nxg7+ Kd8 19. Red1 Kc8 20. Rxd7 Kxd7 21. Nxe6
Kxe6 22. Qg4+ Ke7 23. Qg5+ Ke8 24. Bxh8 Nxh8 25. Qe5+ Kf7 26. axb5 axb5 27. Rd1
Bd6 28. Qh5+ Kg7 29. Nxb5 Ng6 30. Nd4 Kh8 31. Qd5 Qg8 32. Qxg8+ Kxg8 33. g3 Re8
34. Re1 Bc5 35. Nf5 Rd8 36. Kf1 Ne5 37. Ne3 Rd2 38. f4 Nf3 39. Re2 c3 40. Rxd2
Nxd2+ 41. Ke2 Nxe4 42. Nf5 Kf7 43. Kf3 Nd6 44. Nh6+ Kg7 45. Ng4 Nf5 46. Ne5
Nd4+ 47. Ke4 Ne2 48. Kd3 0-1

[Event "Campeonato del Mundo sub-20 2010"]
[Site "Chotowa POL"]
[Date "2010.08.06"]
[Round "4.39"]
[White "Ashwin, Jayaram"]
[Black "Tran, Ngoc Lan"]
[Result "0-1"]
[WhiteElo "2454"]
[BlackElo "2218"]
[PlyCount "78"]
[EventDate "2010.08.03"]
[EventType "swiss"]
[EventRounds "13"]
[EventCountry "POL"]
[Source "lmi"]
[SourceDate "2010.08.03"]

1. e4 e5 2. Nf3 Nc6 3. Bb5 Nf6 4. d3 Bc5 5. Be3 Bxe3 6. fxe3 O-O 7. O-O d5 8.
exd5 Nxd5 9. Qe1 Qd6 10. Nc3 Nce7 11. Bc4 Qc5 12. Kh1 Be6 13. Ng5 h6 14. Nxe6
fxe6 15. Rxf8+ Rxf8 16. e4 Nb4 17. Bxe6+ Kh7 18. Bb3 Nbc6 19. Qg1 Nd4 20. Rf1
Ng6 21. Rxf8 Qxf8 22. Nd5 c6 23. Ne3 Qf4 24. Qe1 Nf3 25. gxf3 Qxf3+ 26. Ng2 Nf4
27. Qg1 Ne2 28. Qe1 h5 29. Be6 Nf4 30. Qg1 Nxe6 31. Qe3 Qf1+ 32. Qg1 Qe2 33. h3
Qxc2 34. Qf1 Nd4 35. Qf7 Qd1+ 36. Kh2 Qe2 37. b4 h4 38. Kh1 Qd1+ 39. Kh2 Nf3+
0-1

[Event "Campeonato del Mundo sub-20 2010"]
[Site "Chotowa POL"]
[Date "2010.08.06"]
[Round "4.40"]
[White "Dimitrov, Pavel"]
[Black "Zysko, Jan"]
[Result "1/2-1/2"]
[WhiteElo "2365"]
[BlackElo "2210"]
[PlyCount "142"]
[EventDate "2010.08.03"]
[EventType "swiss"]
[EventRounds "13"]
[EventCountry "POL"]
[Source "lmi"]
[SourceDate "2010.08.03"]

1. e4 c5 2. Nf3 d6 3. d4 cxd4 4. Nxd4 Nf6 5. Nc3 Nc6 6. Bg5 e6 7. Qd2 a6 8.
O-O-O h6 9. Bxf6 Qxf6 10. Nxc6 bxc6 11. f4 Qd8 12. g4 Be7 13. h4 Rb8 14. Bg2
Qb6 15. b3 Bd7 16. g5 Kd8 17. f5 hxg5 18. hxg5 Rxh1 19. Bxh1 Qc5 20. Kb1 Kc7
21. Na4 Qb4 22. Qe3 Qxa4 23. Qa7+ Rb7 24. Qxb7+ Kxb7 25. bxa4 exf5 26. exf5
Bxf5 27. Rf1 g6 28. Be4 Bxg5 29. Bxf5 gxf5 30. Rxf5 f6 31. c4 d5 32. cxd5 cxd5
33. Rxd5 Kc6 34. Ra5 Kb6 35. Rf5 Kc6 36. Kc2 Kb6 37. Kb3 Kc6 38. Kc4 Kb6 39.
a5+ Kb7 40. Rd5 Bf4 41. Rd7+ Bc7 42. Rf7 Kb8 43. Kc5 Kb7 44. Kb4 f5 45. Rxf5
Bd6+ 46. Kc4 Bc7 47. Rc5 Bd8 48. Rd5 Bc7 49. Rg5 Kc6 50. Rf5 Kb7 51. Kd4 Kc6
52. Ke4 Kb7 53. Kf3 Kb8 54. Kg4 Kb7 55. Kh5 Kb8 56. Kh6 Kb7 57. Kh7 Kb8 58. Kh8
Kb7 59. Kg8 Kb8 60. Kf7 Kb7 61. Kg7 Kb8 62. Kf8 Kb7 63. Ke8 Kb8 64. Ke7 Kb7 65.
Kd7 Bg3 66. Rf1 Be5 67. Rb1+ Ka7 68. Rb3 Bd4 69. Kc6 Bf2 70. Rf3 Bg1 71. Kd5
Ka8 1/2-1/2

[Event "Campeonato del Mundo sub-20 2010"]
[Site "Chotowa POL"]
[Date "2010.08.06"]
[Round "4.42"]
[White "Platzgummer, Fabian"]
[Black "Aguirre Manzo, Leopoldo Antonio"]
[Result "0-1"]
[WhiteElo "2351"]
[BlackElo "2203"]
[PlyCount "88"]
[EventDate "2010.08.03"]
[EventType "swiss"]
[EventRounds "13"]
[EventCountry "POL"]
[Source "lmi"]
[SourceDate "2010.08.03"]

1. d4 Nf6 2. g3 g6 3. Bg2 Bg7 4. e4 d6 5. Nc3 O-O 6. Nge2 Nbd7 7. O-O c5 8. h3
Rb8 9. a4 b6 10. Kh2 Bb7 11. d5 a6 12. f4 Ne8 13. Ng1 Nc7 14. Nf3 b5 15. Re1 b4
16. Nb1 Nb6 17. a5 Nd7 18. c4 bxc3 19. Nxc3 Nb5 20. Bd2 Nf6 21. Qa4 Ne8 22. Qc4
Nec7 23. Rab1 e6 24. dxe6 Nxe6 25. Nd5 Nec7 26. Nb6 d5 27. exd5 Nxd5 28. Na4
Rc8 29. Rbd1 Qc7 30. b3 Rfd8 31. Ne5 Nd6 32. Qe2 Nf5 33. Rc1 Qd6 34. Nb2 h5 35.
Nbc4 Qc7 36. Be4 Nd4 37. Qd1 h4 38. gxh4 Ne6 39. Qg4 Nf6 40. Qg2 Nxe4 41. Rxe4
Rd4 42. Rce1 Rcd8 43. Nxg6 fxg6 44. Qxg6 Nf8 0-1

[Event "Campeonato del Mundo sub-20 2010"]
[Site "Chotowa POL"]
[Date "2010.08.06"]
[Round "4.43"]
[White "Lukovic, Vladimir"]
[Black "Anton, Teodor"]
[Result "1/2-1/2"]
[WhiteElo "2130"]
[BlackElo "2350"]
[PlyCount "118"]
[EventDate "2010.08.03"]
[EventType "swiss"]
[EventRounds "13"]
[EventCountry "POL"]
[Source "lmi"]
[SourceDate "2010.08.03"]

1. e4 c5 2. Nf3 d6 3. Bb5+ Nd7 4. O-O Ngf6 5. Re1 a6 6. Bd3 e5 7. c3 Be7 8. a4
O-O 9. Bc2 b6 10. d4 Bb7 11. Nbd2 Re8 12. dxe5 Nxe5 13. Nxe5 dxe5 14. Qf3 Qc7
15. Nc4 b5 16. Ne3 g6 17. b3 Qc6 18. c4 Bd8 19. axb5 axb5 20. Rxa8 Bxa8 21.
cxb5 Qxb5 22. Nc4 Qc6 23. Bb2 Bc7 24. Qc3 Nh5 25. Ne3 Nf4 26. Ba3 Bd6 27. g3
Ne6 28. Nd5 Kg7 29. Bd3 Nd4 30. Bc4 Qd7 31. Bc1 Bb7 32. f3 f6 33. Kg2 Ra8 34.
Qd2 Qd8 35. Bb2 Bc8 36. Ra1 Rxa1 37. Bxa1 Qd7 38. Qf2 Qh3+ 39. Kg1 Qh5 40. Bxd4
exd4 41. Nb6 Bb7 42. Bd3 f5 43. Nc4 Bf8 44. Nd2 fxe4 45. Nxe4 Qe5 46. Qd2 Be7
47. Qe2 g5 48. Nd2 Qxe2 49. Bxe2 Bd5 50. Bc4 Bc6 51. Kf1 Kf6 52. Ke2 h5 53. Bd3
g4 54. f4 Bd5 55. Be4 Bxe4 56. Nxe4+ Kf5 57. Kd3 h4 58. Nf2 h3 59. Ne4 Bf8
1/2-1/2

[Event "Campeonato del Mundo sub-20 2010"]
[Site "Chotowa POL"]
[Date "2010.08.06"]
[Round "4.44"]
[White "Janus, Przemyslaw"]
[Black "Kantans, Toms"]
[Result "0-1"]
[WhiteElo "2085"]
[BlackElo "2343"]
[PlyCount "96"]
[EventDate "2010.08.03"]
[EventType "swiss"]
[EventRounds "13"]
[EventCountry "POL"]
[Source "lmi"]
[SourceDate "2010.08.03"]

1. d4 f5 2. c4 Nf6 3. Nf3 g6 4. g3 Bg7 5. Bg2 O-O 6. O-O d6 7. Nc3 c6 8. Rb1
Qe8 9. d5 h6 10. b3 Bd7 11. Ba3 Na6 12. Qd2 g5 13. e3 Qh5 14. b4 f4 15. exf4
gxf4 16. Ne2 Ne4 17. Qc2 Ng5 18. Qb3 Nh3+ 19. Kh1 Bg4 20. Neg1 Ng5 21. Rbe1 e5
22. dxe6 Nxe6 23. Bb2 Bxb2 24. Qxb2 Rae8 25. Qd2 Rd8 26. a3 Nac7 27. Qd3 Bf5
28. Qb3 Qf7 29. Ne2 Bg4 30. Kg1 Qg7 31. h3 Bh5 32. g4 Bf7 33. Nh4 b5 34. Nf5
Qf6 35. Bxc6 Ng7 36. Nfd4 Bxc4 37. Qf3 d5 38. Rc1 Rd6 39. Rfd1 Rxc6 40. Nxc6
Qxc6 41. Nd4 Qf6 42. Kh2 Nce6 43. Nxe6 Nxe6 44. Re1 Ng5 45. Qd1 f3 46. Qd2 Ne4
47. Qe3 Qh4 48. Rc2 Ng5 0-1